Welcome to CU Library Online Public Access Catalogue (OPAC)

Communication and management at work / (Record no. 5652)

MARC details
000 -LEADER
fixed length control field 00955cam a2200241 a 4500
001 - CONTROL NUMBER
control field 14683404
005 - DATE AND TIME OF LATEST TRANSACTION
control field 20250505154556.0
008 - FIXED-LENGTH DATA ELEMENTS--GENERAL INFORMATION
fixed length control field 061229s2007 enka b 001 0 eng
020 ## - INTERNATIONAL STANDARD BOOK NUMBER
International Standard Book Number 0230515436 (hbk.)
020 ## - INTERNATIONAL STANDARD BOOK NUMBER
International Standard Book Number 9780230515437 (hbk.)
050 00 - LIBRARY OF CONGRESS CALL NUMBER
Classification number HD30.3
Item number .K587 2007
082 00 - DEWEY DECIMAL CLASSIFICATION NUMBER
Classification number 658.4/5
Edition information 22
100 1# - MAIN ENTRY--PERSONAL NAME
Personal name Klikauer, Thomas,
Dates associated with a name 1962-
245 10 - TITLE STATEMENT
Title Communication and management at work /
Statement of responsibility, etc. Thomas Klikauer.
260 ## - PUBLICATION, DISTRIBUTION, ETC.
Place of publication, distribution, etc. Basingstoke [England] ;
-- New York :
Name of publisher, distributor, etc. Palgrave Macmillan,
Date of publication, distribution, etc. 2007.
300 ## - PHYSICAL DESCRIPTION
Extent xvi, 327 p. :
Other physical details ill. ;
Dimensions 23 cm.
650 #0 - SUBJECT ADDED ENTRY--TOPICAL TERM
Topical term or geographic name entry element Communication in management.
650 #0 - SUBJECT ADDED ENTRY--TOPICAL TERM
Topical term or geographic name entry element Leadership.
856 42 - ELECTRONIC LOCATION AND ACCESS
Materials specified Contributor biographical information
Uniform Resource Identifier <a href="http://www.loc.gov/catdir/enhancements/fy0708/2006052192-b.html">http://www.loc.gov/catdir/enhancements/fy0708/2006052192-b.html</a>
856 42 - ELECTRONIC LOCATION AND ACCESS
Materials specified Publisher description
Uniform Resource Identifier <a href="http://www.loc.gov/catdir/enhancements/fy0708/2006052192-d.html">http://www.loc.gov/catdir/enhancements/fy0708/2006052192-d.html</a>
856 41 - ELECTRONIC LOCATION AND ACCESS
Materials specified Table of contents only
Uniform Resource Identifier <a href="http://www.loc.gov/catdir/enhancements/fy0708/2006052192-t.html">http://www.loc.gov/catdir/enhancements/fy0708/2006052192-t.html</a>
942 ## - ADDED ENTRY ELEMENTS (KOHA)
Source of classification or shelving scheme Library of Congress Classification
Koha item type Books
Suppress in OPAC No
999 ## -
-- 5652
-- 5652
Holdings
Withdrawn status Lost status Source of classification or shelving scheme Damaged status Not for loan Collection Home library Current library Shelving location Date acquired Total checkouts Full call number Barcode Date last seen Copy number Price effective from Koha item type
    Library of Congress Classification     Non-fiction Graduate Library (Christ Temple) Graduate Library (Christ Temple) General stacks 05/05/2025   HD 30.3 KLI GSCT00001078 05/05/2025 1 05/05/2025 Books
    Library of Congress Classification     Non-fiction Graduate Library (Christ Temple) Graduate Library (Christ Temple) General stacks 05/05/2025   HD 30.3 KLI GSCT00001079 05/05/2025 2 05/05/2025 Books
    Library of Congress Classification     Non-fiction Graduate Library (Christ Temple) Graduate Library (Christ Temple) General stacks 05/05/2025   HD 30.3 KLI GSCT00001080 05/05/2025 3 05/05/2025 Books
    Library of Congress Classification     Non-fiction Graduate Library (Christ Temple) Graduate Library (Christ Temple) General stacks 05/05/2025   HD 30.3 KLI GSCT00001081 05/05/2025 4 05/05/2025 Books
    Library of Congress Classification     Non-fiction Graduate Library (Christ Temple) Graduate Library (Christ Temple) General stacks 05/05/2025   HD 30.3 KLI GSCT00001082 05/05/2025 5 05/05/2025 Books
© 2023-2024 Copyright: Central University Libraries. All Rights Reserved | Created by: Mahone Tech Office